000 00523nam a22001817a 4500
999 _c3134
_d3134
003 OSt
005 20181024191758.0
008 181023b ||||| |||| 00| 0 eng d
022 _201904299
040 _cDLC
082 _aREF 242.2
_bS825G
100 _aStenhouse, Everett R.
245 _aGod's Word for Today /
_cEdited By Everett R. Stenhouse.
260 _aSpring Field, USA :
_bThe general Council of the Assemblies of God's Inc.,,
_cc1988.
300 _a94 p.:
490 _aGod's Word for Today
942 _2ddc
_cREF